00978cam a2200229 a 450000100060000000300080000600500170001400800410003102000150007202000150008703500190010204000230012104100080014408200220015210000510017424500480022526001210027330000270039450000220042150502890044365000160073275635BD-RjUL20211209082724.0190506s1991 caua 001 0 eng  a8773367591 a8773367605 a(BD-RjUL)75853 aDLCcDLCdDLCbeng aeng00a658223bHUM 19911 aHubbard, L. Ronq(La Fayette Ron),d1911-1986.14aThe management series /cby L. Ron Hubbard. aLos Angeles, Calif. :bBridge Publications ;aCopenhagen, Denmark :bNew Era Publications International ApS,cc1991. a3 v. :bill. ;c31 cm. aIncludes indexes.0 aV. 1. The data series ; The organizing series ; The personnel series -- V. 2. The establishment officer series ; The executive series ; The finance series ; The target series ; The computer series --V. 3. The public relations series ; The marketing series ; The admin know-how series. 0aManagement.